Ing. Ján Janek ...

Bibliographic Details
Format: Article
Language:Slovak
ISSN:0016-7096
Subjects:

MARC

LEADER 00000nab a2200000 a 4500
001 vtls000743042
003 SK-MaSNL
005 20260304121806.0
008 250429c xo 0 slo
015 |a SNBRB2001/01-00564 
035 |a CLN000094880 
035 |a (urnnbn)urn:nbn:sk:snk:ar-006qyu 
035 |a (uuid)737562e5-efdf-478c-a311-578aff42beb0 
035 |a urn:nbn:sk:snk-ab88rw 
040 |a SNKBUCL  |b slo  |c SNKBUCL  |e AACR2 
041 0 |a slo 
044 |a xo  |c SK 
080 |a 528-051  |2 1997 
080 |a 929 Janek, Ján  |2 1997 
245 0 0 |a Ing. Ján Janek ... 
600 1 7 |a Janek, Ján,  |d 1940-  |2 snkbucl 
655 7 |a články z novín a časopisov  |2 snkbucl  |9 267496 
773 0 |t Geodetický a kartografický obzor  |g Roč. 46 (88), č. 10 (2000), s. 215  |x 0016-7096 
850 |a Slovenská národná knižnica 
852 |a Slovenská národná knižnica 
954 |a odborná, vedecká literatúra pôvodná (slovenská)  |2 lita 
958 |a article9 
958 |a OND 
958 |a SK 
958 |a BX 
958 |a EUIPO 
992 |a RBX 
999 |c 2886988  |d 2888918